[Event "SRB-chT3 East"]
[Site "Serbia"]
[Date "2017.10.12"]
[Round "6.1"]
[White "Zivanovic, Milos"]
[Black "Kujic, Goran"]
[Result "1/2-1/2"]
[WhiteElo "1738"]
[BlackElo "1848"]
[PlyCount "84"]
[EventDate "2017.09.03"]
[EventType "team-tourn"]
[EventRounds "11"]
[EventCountry "SRB"]
[SourceTitle "EXT 2022"]
[Source "ChessBase"]
[SourceDate "2021.10.06"]
[SourceVersion "1"]
[SourceVersionDate "2021.10.06"]
[SourceQuality "1"]

1. d4 d5 2. c4 e6 3. e3 Nf6 4. Nf3 b6 5. Be2 Bb7 6. 0-0 Be7 7. b3 0-0 8. Bb2 Ne4 9. Nc3 Nxc3 10. Bxc3 Nd7 11. Rc1 Rc8 12. Qc2 c5 13. cxd5 Bxd5 14. Qb2 cxd4 15. Bxd4 Bf6 16. Ne5 Bxe5 17. Bxe5 Nxe5 18. Qxe5 Rxc1 19. Rxc1 Bxg2 20. Kxg2 Qd2 21. Rc7 Qxe2 22. Rxa7 Qg4+ 23. Qg3 Qe4+ 24. Qf3 Qc2 25. Ra8 g6 26. b4 Kg7 27. Rxf8 Kxf8 28. Qa8+ Kg7 29. Qb7 Qxa2 30. Qxb6 Qd5+ 31. Kg1 Qd1+ 32. Kg2 Kf6 33. b5 Qd5+ 34. Kg1 h5 35. Qb8 h4 36. Qf4+ Ke7 37. Qxh4+ Kd7 38. Qa4 Kc7 39. Qa7+ Qb7 40. Qc5+ Kd7 41. Qd4+ Kc7 42. Qc5+ Kd7 1/2-1/2

[Event "SRB-chT3 East"]
[Site "Serbia"]
[Date "2015.10.18"]
[Round "11.17"]
[White "Kujic, Goran"]
[Black "Dragojevic, Leon"]
[Result "1-0"]
[WhiteElo "1898"]
[BlackElo "1873"]
[PlyCount "118"]
[EventDate "2015.09.06"]
[EventType "team-tourn"]
[EventRounds "11"]
[EventCountry "SRB"]
[SourceTitle "EXT 2022"]
[Source "ChessBase"]
[SourceDate "2021.10.06"]
[SourceVersion "1"]
[SourceVersionDate "2021.10.06"]
[SourceQuality "1"]

1. e4 d5 2. e5 c5 3. d4 cxd4 4. Qxd4 Nc6 5. Bb5 e6 6. a3 Bd7 7. Bxc6 bxc6 8. Nf3 c5 9. Qg4 Bb5 10. Nc3 Ba6 11. Qa4+ Qd7 12. Qxa6 Ne7 13. Nb5 Nc6 14. 0-0 Rb8 15. Nc3 c4 16. Na4 Rb7 17. Be3 Be7 18. b4 Nb8 19. Qa5 Bd8 20. Nc5 Qc6 21. Nxb7 Bxa5 22. Nd6+ Ke7 23. bxa5 f6 24. exf6+ Kxd6 25. fxg7 Rg8 26. Bd4 Nd7 27. Rae1 h6 28. Bxa7 Rxg7 29. Nd4 Qa8 30. Rxe6+ Kc7 31. Rfe1 Qg8 32. g3 Rg6 33. Re7 Kd6 34. Nf5+ Kc6 35. Re8 Qf7 36. Ne7+ Kb7 37. Nxg6 Kxa7 38. Nf4 Ka6 39. R8e7 Qf5 40. R1e6+ Kxa5 41. Rxd7 Qxc2 42. Rxd5+ Ka4 43. Re1 Kxa3 44. Rdd1 c3 45. Rc1 Qd2 46. Ne2 c2 47. Nd4 Qxd4 48. Rxc2 Kb3 49. Rce2 Qf6 50. h4 Kc4 51. f4 Qd4+ 52. Kh2 Qd3 53. Rf2 Qf5 54. Re5 Qg4 55. f5 Kd3 56. f6 Qd4 57. Rd5 Qxd5 58. f7 h5 59. f8Q Kc4 1-0

[Event "SRB-chT3 East"]
[Site "Serbia"]
[Date "2015.10.15"]
[Round "6.17"]
[White "Manic, Veljko"]
[Black "Kujic, Goran"]
[Result "1/2-1/2"]
[WhiteElo "1897"]
[BlackElo "1898"]
[PlyCount "28"]
[EventDate "2015.09.06"]
[EventType "team-tourn"]
[EventRounds "11"]
[EventCountry "SRB"]
[SourceTitle "EXT 2022"]
[Source "ChessBase"]
[SourceDate "2021.10.06"]
[SourceVersion "1"]
[SourceVersionDate "2021.10.06"]
[SourceQuality "1"]

1. e4 e5 2. Nf3 Nc6 3. d4 d6 4. dxe5 Nxe5 5. Nxe5 dxe5 6. Qxd8+ Kxd8 7. Bc4 Ke8 8. Nc3 Bd6 9. Be3 Nf6 10. f3 Ke7 11. 0-0-0 Be6 12. Nd5+ Bxd5 13. Bxd5 Nxd5 14. Rxd5 b6 1/2-1/2

[Event "Nis Svetosavski op 4th"]
[Site "Nis"]
[Date "2014.02.22"]
[Round "2"]
[White "Kujic, Goran"]
[Black "Djordjevic, Vuk D"]
[Result "0-1"]
[WhiteElo "1999"]
[BlackElo "2139"]
[PlyCount "76"]
[EventDate "2014.02.21"]
[EventType "swiss"]
[EventRounds "5"]
[EventCountry "SRB"]
[SourceTitle "CBM 159 Extra"]
[Source "ChessBase"]
[SourceDate "2014.04.24"]
[SourceVersion "1"]
[SourceVersionDate "2014.04.24"]
[SourceQuality "1"]

1. e4 d5 2. exd5 Qxd5 3. Nc3 Qd6 4. Nf3 Nf6 5. Be2 a6 6. 0-0 Nc6 7. d4 Bf5 8. a3 e6 9. Be3 h6 10. Qd2 g5 11. Rad1 Bg7 12. Ne1 0-0-0 13. b4 Ng4 14. Nf3 e5 15. h3 exd4 16. hxg4 dxe3 17. Qxe3 Qe6 18. gxf5 Qxe3 19. fxe3 Bxc3 20. Bc4 g4 21. Nh2 Ne5 22. Bd3 f6 23. Rf4 h5 24. g3 Rhe8 25. Nf1 b5 26. Kf2 Nc4 27. Rb1 Be5 28. Bxc4 Bxf4 29. Be6+ Rxe6 30. fxe6 Be5 31. e4 Re8 32. Nd2 Rxe6 33. Rh1 Rc6 34. c4 bxc4 35. Rxh5 c3 36. Nb3 c2 37. Rh1 Rc3 38. Nc5 Bd4+ 0-1

[Event "SRB-chT3 Ost"]
[Site "Kladovo"]
[Date "2013.10.20"]
[Round "7.26"]
[White "Nikolic, Dragan"]
[Black "Kujic, Goran"]
[Result "1/2-1/2"]
[WhiteElo "1821"]
[BlackElo "2003"]
[PlyCount "37"]
[EventDate "2013.10.17"]
[EventType "team-swiss"]
[EventRounds "8"]
[EventCountry "SRB"]
[SourceTitle "EXT 2015"]
[Source "ChessBase"]
[SourceDate "2014.11.20"]
[SourceVersion "1"]
[SourceVersionDate "2014.11.20"]
[SourceQuality "1"]

1. e4 e5 2. Bc4 Nc6 3. a3 Nf6 4. d3 Be7 5. Nc3 0-0 6. Nge2 d6 7. 0-0 Be6 8. Bb5 a6 9. Bxc6 bxc6 10. f4 exf4 11. Bxf4 Nd7 12. Qd2 c5 13. b3 f5 14. Rf3 fxe4 15. Nxe4 d5 16. Ng5 Bf5 17. Ng3 h6 18. Nxf5 Rxf5 19. Ne6 1/2-1/2

[Event "SRB-chT3 Ost"]
[Site "Kladovo"]
[Date "2013.10.17"]
[Round "1.16"]
[White "Kujic, Goran"]
[Black "Colic, Ninoslav"]
[Result "1/2-1/2"]
[WhiteElo "2003"]
[BlackElo "2137"]
[PlyCount "125"]
[EventDate "2013.10.17"]
[EventType "team-swiss"]
[EventRounds "8"]
[EventCountry "SRB"]
[SourceTitle "EXT 2015"]
[Source "ChessBase"]
[SourceDate "2014.11.20"]
[SourceVersion "1"]
[SourceVersionDate "2014.11.20"]
[SourceQuality "1"]

1. e4 Nf6 2. Nc3 e5 3. Nf3 Nc6 4. Bb5 Nd4 5. 0-0 Nxb5 6. Nxb5 c6 7. Nc3 d6 8. d4 Qc7 9. h3 Be7 10. Be3 h6 11. Qd2 Be6 12. dxe5 dxe5 13. Rad1 g5 14. Nh2 Nh5 15. Qe2 Ng7 16. a3 f6 17. Rd2 Kf7 18. Rfd1 Rhd8 19. Rxd8 Bxd8 20. Nf1 Be7 21. Na4 b6 22. Qa6 Rd8 23. Rxd8 Bxd8 24. Qd3 Be7 25. Nc3 Qd7 26. Qxd7 Bxd7 27. f3 Be6 28. a4 h5 29. Kf2 h4 30. Nd2 Ke8 31. Ncb1 Kd7 32. b3 Bf7 33. Ke2 Ne6 34. b4 Kc7 35. c4 a6 36. Kd3 Be8 37. Kc3 Kb7 38. Nb3 Bd8 39. N1d2 Bf7 40. c5 b5 41. Nc1 a5 42. Ne2 Bc7 43. Nc1 Nf8 44. Ncb3 Ka6 45. Nc1 Ne6 46. Ne2 Nd8 47. Bf2 Nb7 48. Nf1 Bc4 49. Kd2 Nd8 50. Be3 Ne6 51. Ke1 Ng7 52. Nd2 Bf7 53. Nc3 Kb7 54. Nd1 Ne6 55. Nb3 bxa4 56. Nc1 Nf4 57. Bxf4 exf4 58. Nd3 Kc8 59. Kd2 Kd7 60. Kc3 Bb3 61. N1f2 Bc4 62. e5 Bd5 63. exf6 1/2-1/2

[Event "Nis Svetosavski op 3rd"]
[Site "Nis"]
[Date "2013.03.04"]
[Round "5"]
[White "Kujic, Goran"]
[Black "Ivanovic, Veljko"]
[Result "1/2-1/2"]
[WhiteElo "2024"]
[BlackElo "1809"]
[PlyCount "98"]
[EventDate "2013.03.02"]
[EventType "swiss"]
[EventRounds "5"]
[EventCountry "SRB"]
[SourceTitle "CBM 153 Extra"]
[Source "ChessBase"]
[SourceDate "2013.04.22"]
[SourceVersion "1"]
[SourceVersionDate "2013.04.22"]
[SourceQuality "1"]

1. e4 c5 2. Nf3 d6 3. d4 cxd4 4. Nxd4 Nf6 5. Bd3 g6 6. 0-0 Bg7 7. b3 0-0 8. Bb2 Nc6 9. Nxc6 bxc6 10. Nd2 Qc7 11. Nc4 d5 12. Be5 Qd8 13. exd5 cxd5 14. Nd2 Nd7 15. Bxg7 Kxg7 16. c4 Ne5 17. Be2 dxc4 18. Nxc4 Nxc4 19. Bxc4 Bb7 20. Qe2 Qc7 21. Rfe1 e6 22. Qe5+ Qxe5 23. Rxe5 Rad8 24. f3 Rd2 25. Re2 Rfd8 26. Kf2 Rd1 27. Rxd1 Rxd1 28. Ke3 Kf6 29. Rd2 Rxd2 30. Kxd2 Ke5 31. Ke3 g5 32. g3 h6 33. Bb5 Bd5 34. Be8 f6 35. Bg6 Kd6 36. f4 Kc5 37. Kd3 Kb4 38. Bf7 gxf4 39. gxf4 f5 40. Kd4 Ka3 41. Ke5 a5 42. Bxe6 Bxe6 43. Kxe6 Kxa2 44. Kxf5 Kxb3 45. Kg6 a4 46. f5 a3 47. f6 a2 48. f7 a1Q 49. f8Q Qg1+ 1/2-1/2

[Event "Nis Svetosavski op 3rd"]
[Site "Nis"]
[Date "2013.03.03"]
[Round "4"]
[White "Ilic, Slobodan S"]
[Black "Kujic, Goran"]
[Result "1-0"]
[WhiteElo "2109"]
[BlackElo "2024"]
[PlyCount "145"]
[EventDate "2013.03.02"]
[EventType "swiss"]
[EventRounds "5"]
[EventCountry "SRB"]
[SourceTitle "CBM 153 Extra"]
[Source "ChessBase"]
[SourceDate "2013.04.22"]
[SourceVersion "1"]
[SourceVersionDate "2013.04.22"]
[SourceQuality "1"]

1. c4 e6 2. Nc3 Nf6 3. e4 e5 4. g3 Be7 5. Bg2 c6 6. Nge2 d6 7. 0-0 0-0 8. h3 Be6 9. b3 d5 10. cxd5 cxd5 11. d4 exd4 12. Nxd4 Qc8 13. Nxd5 Nxd5 14. exd5 Bxh3 15. Bxh3 Qxh3 16. Qf3 Bf6 17. Be3 Nd7 18. Rad1 Ne5 19. Qg2 Qd7 20. Ne2 Ng6 21. d6 b6 22. Rd2 Rac8 23. Qd5 Rc6 24. Rfd1 Rd8 25. Nf4 Re8 26. Kg2 Be5 27. Qf3 Rc3 28. Nd5 Rcc8 29. Nc7 Red8 30. Qb7 Rf8 31. Qd5 Qxd6 32. Qxd6 Bxd6 33. Nb5 Bb8 34. Rd7 Ne5 35. Rb7 a6 36. Na7 Rc7 37. Rxc7 Bxc7 38. Rc1 Bd8 39. Rc8 f6 40. f4 Ng4 41. Bg1 b5 42. Nc6 Bc7 43. Rxc7 Re8 44. Ne7+ Kf7 45. Nf5+ Kg6 46. Nd4 h5 47. Ra7 Re1 48. Rxa6 Rd1 49. Re6 b4 50. Re2 Rd3 51. Nc2 h4 52. gxh4 Kh5 53. Nxb4 Rd1 54. Bf2 f5 55. Nc2 Nf6 56. Ne3 Ra1 57. Nxf5 Kg4 58. Nxg7 Nd5 59. Ne6 Ne7 60. a4 Rb1 61. a5 Ra1 62. b4 Nc6 63. Bc5 Nxa5 64. bxa5 Rxa5 65. Rf2 Kf5 66. Ng7+ Kg6 67. Bd4 Ra3 68. h5+ Kh7 69. f5 Kg8 70. f6 Kf7 71. h6 Ra8 72. h7 Rh8 73. Ne6 1-0

[Event "Nis Svetosavski op"]
[Site "Nis"]
[Date "2012.02.25"]
[Round "2"]
[White "Kujic, Goran"]
[Black "Stojadinovic, Tomislav"]
[Result "1-0"]
[WhiteElo "2049"]
[BlackElo "1890"]
[PlyCount "109"]
[EventDate "2012.02.24"]
[EventType "swiss"]
[EventRounds "5"]
[EventCountry "SRB"]
[SourceTitle "CBM 147 Extra"]
[Source "ChessBase"]
[SourceDate "2012.04.24"]
[SourceVersion "1"]
[SourceVersionDate "2012.04.24"]
[SourceQuality "1"]

1. e4 e6 2. d4 d5 3. exd5 exd5 4. Bd3 Nf6 5. Nf3 Be7 6. 0-0 0-0 7. c3 Bg4 8. Be3 Nbd7 9. Nbd2 Re8 10. Qc2 Nf8 11. Ne5 Bd6 12. f4 c5 13. Rae1 c4 14. Bf5 Bxf5 15. Qxf5 Qc7 16. Rf3 Ng6 17. Rg3 Bf8 18. h4 Qc8 19. Qxc8 Raxc8 20. Nxg6 fxg6 21. Rg5 Bd6 22. g3 Kf7 23. Nf3 h6 24. Ne5+ Bxe5 25. Rxe5 Ng4 26. Kg2 Nxe5 27. dxe5 h5 28. a3 b6 29. Bd4 Ke6 30. Kf3 Kf5 31. Rg1 Rh8 32. a4 Rc7 33. Ra1 Re8 34. Rg1 Rh8 35. Re1 Ke6 36. Ra1 Rb8 37. g4 Rh8 38. Rg1 Rf7 39. gxh5 Rxh5 40. Rxg6+ Kf5 41. Rg4 Rd7 42. Bf2 Rh6 43. Rg5+ Ke6 44. Bd4 g6 45. h5 Rxh5 46. Rxg6+ Ke7 47. Kg4 Rh2 48. Kg3 Rxb2 49. f5 Kd8 50. f6 Rd2 51. e6 Rxd4 52. cxd4 Rh7 53. Rg8+ Kc7 54. Rg7+ Rxg7+ 55. fxg7 1-0

[Event "Nis Svetosavski op"]
[Site "Nis"]
[Date "2012.02.24"]
[Round "1"]
[White "Maksimovic, Branimir"]
[Black "Kujic, Goran"]
[Result "1-0"]
[WhiteElo "2458"]
[BlackElo "2049"]
[PlyCount "53"]
[EventDate "2012.02.24"]
[EventType "swiss"]
[EventRounds "5"]
[EventCountry "SRB"]
[SourceTitle "CBM 147 Extra"]
[Source "ChessBase"]
[SourceDate "2012.04.24"]
[SourceVersion "1"]
[SourceVersionDate "2012.04.24"]
[SourceQuality "1"]

1. Nf3 e6 2. g3 d5 3. c4 c6 4. Bg2 Nf6 5. 0-0 dxc4 6. a4 Nd5 7. Na3 Bxa3 8. Rxa3 b5 9. Ra1 0-0 10. b3 cxb3 11. Qxb3 Bd7 12. Bb2 a5 13. Ne5 b4 14. Rac1 f6 15. Nxd7 Qxd7 16. e4 Ne7 17. Bh3 f5 18. Rfe1 Kh8 19. Qe3 Na6 20. exf5 Nxf5 21. Qxe6 Qxd2 22. Qe5 Qg5 23. Rxc6 Nh4 24. Qxg5 Nf3+ 25. Kg2 Nxg5 26. Re7 Rf7 27. Rxa6 1-0